[Event "Paulista-chTB"]
[Site "Sao Paulo"]
[Date "2023.03.04"]
[Round "3"]
[White "Jenidarchiche, Douglas Rodrigo"]
[Black "Lopes, Artur Farias"]
[Result "0-1"]
[WhiteElo "1801"]
[BlackElo "2026"]
[PlyCount "104"]
[EventDate "2023.03.03"]
[EventType "team-swiss"]
[EventRounds "5"]
[EventCountry "BRA"]
[SourceTitle "CBM 213 Extra"]
[Source "ChessBase"]
[SourceDate "2023.05.31"]
[SourceVersion "1"]
[SourceVersionDate "2023.05.31"]
[SourceQuality "1"]
[WhiteTeam "LXSBC II"]
[BlackTeam "AXSCS Game Over II"]
[WhiteTeamCountry "BRA"]
[BlackTeamCountry "BRA"]

1. e4 c5 2. Nf3 d6 3. Bb5+ Nd7 4. d4 cxd4 5. Qxd4 a6 6. Bxd7+ Bxd7 7. 0-0 Nf6 8. c4 g6 9. Nc3 Bg7 10. Qd3 0-0 11. Re1 Rc8 12. b3 b5 13. e5 bxc4 14. bxc4 dxe5 15. Nxe5 Be6 16. Qe2 Nd7 17. Nxd7 Qxd7 18. Bb2 Rxc4 19. Ne4 Rxe4 20. Qxe4 Bxb2 21. Rad1 Qb5 22. a4 Qa5 23. Qc2 Bf6 24. h3 Rc8 25. Qe4 Kg7 26. Qb7 Rc2 27. Rxe6 fxe6 28. Qe4 Qf5 29. Qe3 Bg5 30. Qb6 Qc5 31. Qxc5 Rxc5 32. Rd4 Rd5 33. Rc4 e5 34. g3 Rd4 35. Rc5 Rxa4 36. Rxe5 Bf6 37. Re2 Kf7 38. Kg2 Ra3 39. h4 h5 40. Re4 a5 41. f3 Ra2+ 42. Kh3 a4 43. f4 Ra1 44. Rc4 a3 45. Ra4 Bb2 46. Kg2 Rd1 47. Kf3 Rd3+ 48. Kf2 Bd4+ 49. Ke2 Re3+ 50. Kd2 Bc5 51. Rc4 a2 52. Rxc5 Ra3 0-1

[Event "Jundiai Paulista Cup"]
[Site "Jundiai"]
[Date "2022.12.11"]
[Round "5"]
[White "Chaves, Joara"]
[Black "Lopes, Artur Farias"]
[Result "1-0"]
[WhiteElo "1890"]
[BlackElo "2038"]
[PlyCount "65"]
[EventDate "2022.12.09"]
[EventType "swiss"]
[EventRounds "6"]
[EventCountry "BRA"]
[SourceTitle "CBM 212 Extra"]
[Source "ChessBase"]
[SourceDate "2023.03.31"]
[SourceVersion "1"]
[SourceVersionDate "2023.03.31"]
[SourceQuality "1"]

1. e4 c5 2. Nc3 e6 3. f4 Nc6 4. Nf3 a6 5. a4 Qc7 6. g3 d6 7. Bg2 Nge7 8. 0-0 g6 9. d3 Bg7 10. Ne2 Bd7 11. c3 0-0 12. Be3 b5 13. axb5 axb5 14. Qc2 Rab8 15. d4 c4 16. Nd2 d5 17. f5 gxf5 18. exd5 Nd8 19. dxe6 fxe6 20. Bf4 e5 21. dxe5 Ne6 22. Nf3 Ng6 23. Nfd4 Nxe5 24. Nxe6 Bxe6 25. Nd4 Qc5 26. Kh1 Bd5 27. Bxe5 Bxg2+ 28. Qxg2 Bxe5 29. Ne6 Qd6 30. Nxf8 Rxf8 31. Rfd1 Qc7 32. Qd5+ Rf7 33. Re1 1-0

[Event "Jundiai Paulista Cup"]
[Site "Jundiai"]
[Date "2022.12.11"]
[Round "6"]
[White "Lopes, Artur Farias"]
[Black "Pironti, Francisco Ferrari"]
[Result "1-0"]
[WhiteElo "2038"]
[BlackElo "1836"]
[PlyCount "57"]
[EventDate "2022.12.09"]
[EventType "swiss"]
[EventRounds "6"]
[EventCountry "BRA"]
[SourceTitle "CBM 212 Extra"]
[Source "ChessBase"]
[SourceDate "2023.03.31"]
[SourceVersion "1"]
[SourceVersionDate "2023.03.31"]
[SourceQuality "1"]

1. b3 e5 2. Bb2 Nc6 3. e4 Nf6 4. d3 Bc5 5. Be2 d6 6. Nf3 h6 7. 0-0 Be6 8. c3 d5 9. Qc2 0-0 10. d4 Bd6 11. exd5 Bxd5 12. dxe5 Nxe5 13. Nbd2 Nfg4 14. Nxe5 Nxe5 15. Rad1 Qh4 16. h3 Bxg2 17. Kxg2 Ng6 18. Rh1 Nf4+ 19. Kf1 Rfe8 20. Bf3 Rad8 21. Ne4 Bc5 22. Rxd8 Rxd8 23. Bc1 Nd3 24. Be3 f5 25. Nxc5 Nxc5 26. Bxc5 Qf4 27. Ke2 Re8+ 28. Be3 Qh4 29. Qxf5 1-0

[Event "Niteroi op 2nd"]
[Site "Niteroi"]
[Date "2022.09.06"]
[Round "8"]
[White "Lopes, Artur Farias"]
[Black "Nunes, Agatha Hurba"]
[Result "1/2-1/2"]
[WhiteElo "2037"]
[BlackElo "1777"]
[PlyCount "202"]
[EventDate "2022.09.01"]
[EventType "swiss"]
[EventRounds "9"]
[EventCountry "BRA"]
[SourceTitle "EXT 2024"]
[Source "ChessBase"]
[SourceDate "2023.10.10"]
[SourceVersion "1"]
[SourceVersionDate "2023.10.10"]
[SourceQuality "1"]

1. Nf3 d5 2. d4 e6 3. c4 Nf6 4. e3 Be7 5. Nc3 0-0 6. a3 b6 7. Bd3 Ba6 8. b3 c5 9. cxd5 Bxd3 10. Qxd3 Nxd5 11. Nxd5 Qxd5 12. e4 Qh5 13. dxc5 Rd8 14. Qe2 Nc6 15. cxb6 Qa5+ 16. Bd2 Qxb6 17. b4 Nd4 18. Nxd4 Qxd4 19. Ra2 Rac8 20. 0-0 Rc4 21. Be3 Qxe4 22. Bxa7 Qxe2 23. Rxe2 Ra8 24. Be3 Rxa3 25. b5 Rb3 26. b6 f5 27. g3 Bd8 28. Rd1 Bxb6 29. Bf4 Rd4 30. Rc1 Rdb4 31. Rcc2 Kf7 32. Kg2 Bd8 33. Red2 Bf6 34. Rd7+ Kg6 35. Rc6 Re4 36. h4 Bxh4 37. f3 Re2+ 38. Kf1 Ra2 39. Rxe6+ Bf6 40. Re3 Rb1+ 41. Re1 Rbb2 42. Be3 Rh2 43. Rd6 h5 44. Red1 h4 45. gxh4 Kh7 46. Bg1 Rh3 47. R1d3 Bxh4 48. Rd7 Rh1 49. Rd2 Ra1+ 50. Rd1 Ra2 51. R1d2 Rxd2 52. Rxd2 Bg5 53. Rd7 Rh6 54. Bc5 Bf6 55. Kg2 f4 56. Bd6 Rh4 57. Bb4 Kg6 58. Bf8 Kh7 59. Rb7 Rh5 60. Rb4 Rg5+ 61. Kf2 Rf5 62. Bd6 Bh4+ 63. Ke2 Bg3 64. Rb7 Kg6 65. Bb4 Rf7 66. Rb8 Rd7 67. Rb5 Ra7 68. Kd3 Ra2 69. Bd2 Ra3+ 70. Ke2 Kf7 71. Rb7+ Kg8 72. Rc7 Ra8 73. Bc3 Re8+ 74. Kf1 Re3 75. Kg2 g5 76. Bf6 Re2+ 77. Kh3 Re3 78. Kg4 Bh4 79. Kf5 Kf8 80. Kg6 Ke8 81. Kf5 Rxf3 82. Ke6 Re3+ 83. Be5 Rxe5+ 84. Kxe5 f3 85. Kf5 f2 86. Rc1 Ke7 87. Kg4 Kf6 88. Rc8 Ke5 89. Rf8 Ke4 90. Rf3 Ke5 91. Kh3 Ke4 92. Kg2 Ke5 93. Kf1 Ke4 94. Ke2 Ke5 95. Rf8 Ke4 96. Kf1 Ke3 97. Rg8 Ke4 98. Ke2 Kd4 99. Re8 Kd5 100. Ra8 Ke4 101. Ra4+ Ke5 1/2-1/2

[Event "Niteroi op 2nd"]
[Site "Niteroi"]
[Date "2022.09.03"]
[Round "4"]
[White "Rangel, Daniel"]
[Black "Lopes, Artur Farias"]
[Result "1-0"]
[WhiteElo "2193"]
[BlackElo "2037"]
[PlyCount "73"]
[EventDate "2022.09.01"]
[EventType "swiss"]
[EventRounds "9"]
[EventCountry "BRA"]
[SourceTitle "CBM 210 Extra"]
[Source "ChessBase"]
[SourceDate "2022.11.30"]
[SourceVersion "1"]
[SourceVersionDate "2022.11.30"]
[SourceQuality "1"]

1. d4 b6 2. Nf3 Bb7 3. g3 e6 4. Bg2 f5 5. 0-0 Nf6 6. c4 d6 7. Nc3 Be7 8. d5 e5 9. Ng5 Bc8 10. Ne6 Bxe6 11. dxe6 c6 12. e4 fxe4 13. Nxe4 0-0 14. b4 Qc8 15. b5 Qxe6 16. bxc6 Na6 17. Nxf6+ Qxf6 18. c7 e4 19. Be3 Nc5 20. Bxc5 dxc5 21. Bh3 Qd4 22. Be6+ Kh8 23. Qe2 Qe5 24. c8Q Raxc8 25. Bxc8 Rxc8 26. Rae1 Bf6 27. Qxe4 Qb8 28. Re2 Rf8 29. Rc1 Bc3 30. Rd1 Bd4 31. Rd3 b5 32. Rb3 b4 33. Rf3 Bf6 34. Rf5 b3 35. axb3 Qxb3 36. Rxc5 h6 37. Kg2 1-0

[Event "Rio de Janeiro Duchamp op 3rd"]
[Site "Rio de Janeiro"]
[Date "2019.12.08"]
[Round "3"]
[White "Guimaraes, Marcelo Cunha"]
[Black "Lopes, Artur Farias"]
[Result "0-1"]
[WhiteElo "2171"]
[BlackElo "1995"]
[PlyCount "68"]
[EventDate "2019.12.07"]
[EventType "swiss"]
[EventRounds "9"]
[EventCountry "BRA"]
[SourceTitle "CBM 193 Extra"]
[Source "ChessBase"]
[SourceDate "2020.01.31"]
[SourceVersion "1"]
[SourceVersionDate "2020.01.31"]
[SourceQuality "1"]

1. e4 c6 2. d4 d5 3. e5 Bf5 4. Nf3 e6 5. Be2 Nd7 6. 0-0 h6 7. Nbd2 Ne7 8. Nb3 g5 9. Bd2 Ng6 10. Rc1 g4 11. Ne1 h5 12. Nd3 Be7 13. Na5 Rb8 14. b4 Qc7 15. c4 Be4 16. f3 gxf3 17. gxf3 Bf5 18. Kh1 b6 19. cxd5 bxa5 20. d6 Bxd6 21. exd6 Qxd6 22. bxa5 0-0 23. Qa4 c5 24. Nxc5 Nxc5 25. Rxc5 Rb2 26. Rd1 Rd8 27. Rc4 Nf4 28. Rg1+ Kh7 29. Bxf4 Qxf4 30. Qd1 Rb1 31. Rc1 Rdb8 32. Qf1 Bg6 33. Bd3 R8b2 34. Bxg6+ fxg6 0-1

[Event "Sao Paulo ECP op 5th"]
[Site "Sao Paulo"]
[Date "2019.12.01"]
[Round "6"]
[White "Da Silva, Lucas Pereira Mende"]
[Black "Lopes, Artur Farias"]
[Result "0-1"]
[WhiteElo "1719"]
[BlackElo "1995"]
[PlyCount "58"]
[EventDate "2019.11.29"]
[EventType "swiss"]
[EventRounds "6"]
[EventCountry "BRA"]
[SourceTitle "CBM 193 Extra"]
[Source "ChessBase"]
[SourceDate "2020.01.31"]
[SourceVersion "1"]
[SourceVersionDate "2020.01.31"]
[SourceQuality "1"]

1. e4 c5 2. Nf3 d6 3. d4 cxd4 4. Nxd4 Nf6 5. Nc3 a6 6. Bg5 e6 7. f4 h6 8. Bh4 Qb6 9. Qd2 Qxb2 10. Rb1 Qa3 11. Bxf6 gxf6 12. f5 Nc6 13. fxe6 fxe6 14. Bc4 Nxd4 15. Qxd4 Be7 16. 0-0 d5 17. Kh1 dxc4 18. Qxc4 Qc5 19. Qd3 b5 20. e5 f5 21. Qf3 Ra7 22. Rbd1 0-0 23. Qh5 Qxe5 24. Rd3 Bf6 25. Qxh6 Rh7 26. Qg6+ Rg7 27. Qh5 Bb7 28. Rg3 Rxg3 29. hxg3 Qxg3 0-1

[Event "Sao Paulo ECP op 5th"]
[Site "Sao Paulo"]
[Date "2019.12.01"]
[Round "5"]
[White "Lopes, Artur Farias"]
[Black "Aranha Filho, Alvaro Zimmermann"]
[Result "0-1"]
[WhiteElo "1995"]
[BlackElo "2304"]
[PlyCount "70"]
[EventDate "2019.11.29"]
[EventType "swiss"]
[EventRounds "6"]
[EventCountry "BRA"]
[SourceTitle "CBM 193 Extra"]
[Source "ChessBase"]
[SourceDate "2020.01.31"]
[SourceVersion "1"]
[SourceVersionDate "2020.01.31"]
[SourceQuality "1"]

1. Nf3 d5 2. d4 c6 3. c4 e6 4. g3 f5 5. Bg2 Nf6 6. Nc3 Bd6 7. 0-0 0-0 8. Nd2 Qe8 9. f3 f4 10. g4 Kh8 11. Qe1 e5 12. e3 fxe3 13. Qxe3 exd4 14. Qxd4 Na6 15. Nb3 Be5 16. Qd3 Nb4 17. Qe2 dxc4 18. Qxc4 Nc2 19. Rb1 Bc7 20. Qe2 Qg6 21. h3 Re8 22. Ne4 Nb4 23. Qc4 Nbd5 24. Nbc5 Nf4 25. Bxf4 Bxf4 26. Nxf6 Qxf6 27. Ne4 Qh6 28. Rfe1 Be6 29. Qa4 Bd5 30. b3 Bc7 31. Rbd1 Qf4 32. Qb4 b5 33. Kf1 Rf8 34. Rd3 Bb6 35. Qd2 Bxe4 0-1

[Event "Concordia op 4th"]
[Site "Concordia"]
[Date "2018.06.30"]
[Round "3"]
[White "Felix, Joao Eduardo Orland"]
[Black "Lopes, Artur Farias"]
[Result "0-1"]
[WhiteElo "1435"]
[BlackElo "1958"]
[PlyCount "146"]
[EventDate "2018.06.29"]
[EventType "swiss"]
[EventRounds "6"]
[EventCountry "BRA"]
[SourceTitle "EXT 2019"]
[Source "ChessBase"]
[SourceDate "2018.10.10"]
[SourceVersion "1"]
[SourceVersionDate "2018.10.10"]
[SourceQuality "1"]

1. e4 c5 2. Nf3 d6 3. d4 cxd4 4. Nxd4 Nf6 5. Nc3 a6 6. Be3 e5 7. Nb3 Be6 8. f3 h5 9. Be2 Qc7 10. Qd2 Nbd7 11. 0-0-0 b5 12. Kb1 Be7 13. Bg5 Rc8 14. h4 b4 15. Nd5 Nxd5 16. exd5 Bf5 17. Bd3 Bxd3 18. Qxd3 a5 19. Be3 a4 20. Nd2 g6 21. g4 Bf6 22. Ne4 Ke7 23. g5 Bg7 24. Rc1 Rb8 25. c4 bxc3 26. Rxc3 Qb7 27. Rh2 Qb4 28. Rhc2 Rb7 29. Qc4 Rhb8 30. Qxb4 Rxb4 31. Rc6 f5 32. gxf6+ Bxf6 33. Nxf6 Kxf6 34. Rxd6+ Ke7 35. Rxg6 R8b5 36. Bg5+ Kf7 37. Rd6 Rb7 38. Rh6 R4b5 39. Rd2 Kg7 40. Rxh5 Nb6 41. Bd8 Nxd5 42. Rg2+ Kf8 43. Rh8+ Kf7 44. Rh7+ Kf8 45. Rxb7 Rxb7 46. Bg5 Kf7 47. Rd2 Ke6 48. a3 Rb3 49. Rf2 Kf5 50. Kc2 Nc7 51. Bd2 Ne6 52. Bc3 Rb5 53. Re2 Rc5 54. Kd3 Nf4+ 55. Ke3 Nxe2 56. Kxe2 Rc4 57. h5 Rh4 58. Kd3 Rxh5 59. Kc4 Ke6 60. Kb4 Rh4+ 61. Kb5 Kd5 62. Bb4 Rh2 63. Bc3 Rh4 64. Bb4 Rf4 65. Kxa4 Rxf3 66. Ka5 Kc4 67. Bc3 e4 68. a4 Rxc3 69. bxc3 e3 70. Kb6 e2 71. a5 e1Q 72. a6 Qb1+ 73. Kc7 Kc5 0-1

[Event "Concordia op 4th"]
[Site "Concordia"]
[Date "2018.06.30"]
[Round "4"]
[White "Lopes, Artur Farias"]
[Black "Zago, Caroline Datora"]
[Result "1-0"]
[WhiteElo "1958"]
[BlackElo "1628"]
[PlyCount "43"]
[EventDate "2018.06.29"]
[EventType "swiss"]
[EventRounds "6"]
[EventCountry "BRA"]
[SourceTitle "EXT 2019"]
[Source "ChessBase"]
[SourceDate "2018.10.10"]
[SourceVersion "1"]
[SourceVersionDate "2018.10.10"]
[SourceQuality "1"]

1. b3 e5 2. Bb2 Nc6 3. c4 f5 4. e3 d6 5. Nf3 Nf6 6. Be2 g6 7. 0-0 Bg7 8. d4 e4 9. Ng5 h6 10. Nh3 0-0 11. Nc3 g5 12. f3 Qe8 13. fxe4 fxe4 14. Nf2 Qg6 15. Nb5 Rf7 16. d5 Nb4 17. Bxf6 Bxf6 18. Bh5 Qh7 19. Bxf7+ Kxf7 20. Ng4 Bxg4 21. Qxg4 Kg7 22. Qd7+ 1-0

[Event "Sao Paulo op-B U2050 7th"]
[Site "Sao Paulo"]
[Date "2018.03.30"]
[Round "2"]
[White "Lopes, Artur Farias"]
[Black "Medeiros, Thauane Ferreira"]
[Result "1-0"]
[WhiteElo "1866"]
[BlackElo "2028"]
[PlyCount "149"]
[EventDate "2018.03.30"]
[EventType "swiss"]
[EventRounds "6"]
[EventCountry "BRA"]
[SourceTitle "EXT 2021"]
[Source "ChessBase"]
[SourceDate "2020.10.23"]
[SourceVersion "1"]
[SourceVersionDate "2020.10.23"]
[SourceQuality "1"]

1. Nf3 Nf6 2. d4 d5 3. c4 e6 4. e3 c6 5. Nc3 Be7 6. Bd3 0-0 7. 0-0 Nbd7 8. b3 Qc7 9. Bb2 dxc4 10. Bxc4 e5 11. Rc1 exd4 12. Qxd4 Nb6 13. Be2 Bf5 14. Ne5 Bg6 15. Nxg6 hxg6 16. Bf3 Rad8 17. Qh4 Rd2 18. Ba1 Nfd5 19. Nxd5 Bxh4 20. Nxc7 Rc8 21. Na6 bxa6 22. a4 Nd5 23. Rc4 Bf6 24. Bxd5 Rxd5 25. Bxf6 gxf6 26. b4 f5 27. Rfc1 a5 28. b5 c5 29. Kf1 Kf8 30. Ke2 Ke7 31. h4 Kd6 32. Rb1 Rb8 33. h5 Kc7 34. hxg6 fxg6 35. Rh1 Rbd8 36. Rh6 R8d6 37. g4 Rd2+ 38. Kf3 fxg4+ 39. Kxg4 Kb6 40. f4 Rb2 41. Rh1 Rb3 42. Kf3 Re6 43. Re1 Ra3 44. Re2 Re8 45. Kf2 Rf8 46. Rd2 Rf6 47. Rd5 Re6 48. e4 Rf6 49. e5 Re6 50. Rdxc5 Rxa4 51. Rxa4 Kxc5 52. Rxa5 Re7 53. b6+ Kxb6 54. Rd5 Re6 55. Kf3 a5 56. Ke4 a4 57. Rd8 Kc5 58. Ra8 Kb4 59. Kd5 Re7 60. Ra6 Rd7+ 61. Rd6 Rg7 62. Ke6 a3 63. Ra6 Rc7 64. Kf6 Rc4 65. Kg5 Re4 66. Rxg6 Ka5 67. Rg8 Ra4 68. Ra8+ Kb5 69. Rb8+ Kc5 70. Rb1 Kd5 71. Kf5 Ra6 72. Rd1+ Kc5 73. e6 Ra8 74. e7 a2 75. Kf6 1-0

[Event "Caioba Telecom op"]
[Site "Caioba"]
[Date "2016.08.27"]
[Round "4"]
[White "Mafra, Kaiser Luiz"]
[Black "Lopes, Artur Farias"]
[Result "1-0"]
[WhiteElo "2124"]
[BlackElo "1855"]
[PlyCount "101"]
[EventDate "2016.08.26"]
[EventType "swiss"]
[EventRounds "6"]
[EventCountry "BRA"]
[SourceTitle "CBM 174 Extra"]
[Source "ChessBase"]
[SourceDate "2016.10.10"]
[SourceVersion "1"]
[SourceVersionDate "2016.10.10"]
[SourceQuality "1"]

1. e4 c6 2. Nc3 d5 3. Nf3 dxe4 4. Nxe4 Bf5 5. Ng3 Bg6 6. h4 h6 7. Ne5 Qd6 8. Nxg6 Qxg6 9. d4 Qd6 10. Ne4 Qe6 11. Qe2 Nf6 12. Nxf6+ Qxf6 13. Be3 e6 14. 0-0-0 Bd6 15. Kb1 Bf4 16. Rh3 Bxe3 17. Qxe3 Nd7 18. d5 cxd5 19. Bb5 Qe7 20. Rg3 Kf8 21. Bxd7 Qxd7 22. c4 f6 23. cxd5 e5 24. Qa3+ Kf7 25. Qd3 Rhd8 26. Qh7 Rg8 27. Qg6+ Kf8 28. Rc3 Rd8 29. d6 Qf7 30. Qe4 g5 31. Qb4 Kg7 32. Rc7 Rd7 33. Qxb7 Rgd8 34. Rdc1 Kf8 35. hxg5 fxg5 36. Qxa7 Qg6+ 37. Ka1 Qxd6 38. Rxd7 Rxd7 39. Qa8+ Kg7 40. Qe4 Qd4 41. Qe2 e4 42. a3 Qd2 43. Qc4 Qd4 44. Qe6 Qd5 45. Qe8 Qd2 46. Qe5+ Kf7 47. Qf5+ Kg7 48. Rc5 Qd4 49. Rc4 Qxc4 50. Qxd7+ Kf6 51. Qd1 1-0

[Event "Sao Paulo op-B U2050"]
[Site "Sao Paulo"]
[Date "2014.04.05"]
[Round "4"]
[White "Pinto, Rendrex Lopes"]
[Black "Lopes, Artur Farias"]
[Result "1-0"]
[WhiteElo "2022"]
[BlackElo "1874"]
[PlyCount "131"]
[EventDate "2014.04.03"]
[EventType "swiss"]
[EventRounds "6"]
[EventCountry "BRA"]
[SourceTitle "CBM 159 Extra"]
[Source "ChessBase"]
[SourceDate "2014.04.24"]
[SourceVersion "1"]
[SourceVersionDate "2014.04.24"]
[SourceQuality "1"]

1. d4 Nf6 2. c4 c6 3. Nc3 d5 4. Nf3 e6 5. Bg5 Be7 6. e3 Nbd7 7. cxd5 exd5 8. Qc2 h6 9. Bh4 0-0 10. Bd3 Re8 11. 0-0 Ne4 12. Bxe7 Qxe7 13. Bxe4 dxe4 14. Nd2 Nf6 15. Rae1 b6 16. f3 Ba6 17. Rf2 Bd3 18. Qb3 Qe6 19. Qxe6 Rxe6 20. fxe4 Nxe4 21. Ncxe4 Bxe4 22. Nxe4 Rxe4 23. Rc2 Re6 24. Kf2 Rd8 25. Rec1 Rdd6 26. a4 f5 27. g3 Kf7 28. a5 Ke7 29. axb6 axb6 30. Ra1 Rd7 31. Ra6 Rb7 32. Ra8 Kd6 33. Rc8 Kd5 34. Kf3 Rf6 35. Rd8+ Rd6 36. Re8 Re6 37. Rxe6 Kxe6 38. Rxc6+ Kd5 39. Rc8 Rd7 40. Ke2 g6 41. Kd3 Rd6 42. b4 Rd7 43. Rg8 Rd6 44. b5 g5 45. Re8 Rf6 46. Rd8+ Ke6 47. Ra8 Kd6 48. Ra1 Rf7 49. Rf1 Ke6 50. Rc1 Rd7 51. Rc6+ Rd6 52. Rc7 Kd5 53. h3 Rd8 54. g4 f4 55. e4+ Kd6 56. Rc6+ Ke7 57. Rxb6 f3 58. Ra6 Rb8 59. b6 f2 60. Ke2 Kd6 61. Kxf2 Kc6 62. e5 Kd5 63. Ke3 Rc8 64. Ra5+ Ke6 65. Rb5 Rc3+ 66. Kd2 1-0

[Event "Sao Paulo op-B U2050"]
[Site "Sao Paulo"]
[Date "2014.04.04"]
[Round "2"]
[White "Cadilhac, Igor Tokuichi Kikuc"]
[Black "Lopes, Artur Farias"]
[Result "1-0"]
[WhiteElo "2046"]
[BlackElo "1874"]
[PlyCount "151"]
[EventDate "2014.04.03"]
[EventType "swiss"]
[EventRounds "6"]
[EventCountry "BRA"]
[SourceTitle "CBM 159 Extra"]
[Source "ChessBase"]
[SourceDate "2014.04.24"]
[SourceVersion "1"]
[SourceVersionDate "2014.04.24"]
[SourceQuality "1"]

1. e4 c6 2. d4 d5 3. Nc3 dxe4 4. Nxe4 Nf6 5. Nxf6+ gxf6 6. Nf3 Bf5 7. Bf4 e6 8. c3 Nd7 9. Be2 Qb6 10. Qd2 Qa5 11. 0-0 0-0-0 12. a4 Nb6 13. b4 Qd5 14. Rfe1 Rg8 15. Bg3 Bd6 16. a5 Na8 17. Qe3 Qe4 18. Qxe4 Bxe4 19. Nd2 Bf5 20. Bxd6 Rxd6 21. Bf3 Nc7 22. Be4 Rg5 23. f4 Rh5 24. Bf3 Rh6 25. Nc4 Rd8 26. Ne3 Bd3 27. Rad1 Ba6 28. c4 Rh4 29. g3 Rg8 30. Bg2 Rh5 31. Bf1 b6 32. Be2 Rh4 33. Ng2 Rh6 34. Ra1 Rd8 35. Red1 Rg6 36. Ne3 Rgg8 37. Bf3 Bb7 38. Kf2 Rd7 39. Ng4 Rg6 40. Ke3 Ne8 41. Kf2 Nd6 42. Ne3 Ne8 43. a6 Ba8 44. b5 Kc7 45. c5 Rg8 46. cxb6+ Kxb6 47. bxc6 Rd8 48. f5 Nd6 49. fxe6 fxe6 50. d5 e5 51. Rdc1 Kc7 52. Nc4 Nxc4 53. Rxc4 f5 54. Rh4 Rg7 55. Rd1 e4 56. Bg2 Bxc6 57. Rh6 Rxd5 58. Rc1 Rd6 59. Rh5 Rf7 60. Ke3 Kb6 61. Bf1 Bd5 62. Kf4 Be6 63. Ke5 Rd5+ 64. Kxe6 Rfd7 65. Rxf5 R7d6+ 66. Ke7 Rd7+ 67. Kf6 e3 68. Rxd5 Rxd5 69. Re1 Rd8 70. Ke7 Rd2 71. Rxe3 Rxh2 72. Rb3+ Ka5 73. Rb5+ Ka4 74. Rb7 Rf2 75. Bc4 Rc2 76. Bb3+ 1-0